Responses for Show #5713 - Wednesday, June 10, 2009

Contestants

[<< previous game]

Jason Pratt, a middle school history teacher from Woodbridge, Virginia

Jennifer Yang, a physiatrist from Augusta, Georgia

Baltazar Pinedo, a bilingual language development specialist from Modesto, California (whose 2-day cash winnings total $26,200)

[next game >>]

Jeopardy! Round responses

WELCOME TO LISBON
TV CASTS
COME FLY WITH ME
TAILGATE CUISINE
IS THERE A DOCTOR IN THE HOUSE?
THE "OC"
    $200 12
the Crusaders

Jennifer
    $200 1
Desperate Housewives

Jennifer
    $200 24
United

Jennifer
    $200 2
(Baltazar: What is, uh... sorry.)
(Jason: What is bratwurst?)

beer

BaltazarJenniferJason
    $200 6
(Jennifer: What is women and children?)

obstetrics & gynecology

BaltazarJennifer
    $200 19
a monocle

Jason
    $400 13
Voltaire

Jason
    $400 15
Boston Legal

Jason
    $400 25
Southwest

Jason
    $400 3
Penn State

Jennifer
    $400 7
(Baltazar: What is an optometrist?)

an ophthalmologist

BaltazarJennifer
    $400 20
havoc

Jennifer
    $600 14
(Baltazar: Who is King Phillip?)

Henry the Navigator

BaltazarJennifer
    $600 16
(Baltazar: What is... Taxi?)

Numb3rs

Baltazar
Triple Stumper
    $600 26
JetBlue

Jason
    $600 4
a Bloody Mary

Baltazar
    $600 8
a dermatologist

Jennifer
    $600 21
Crocs

Jennifer
    $800 29
Blindness

Triple Stumper
    $800 17
Heroes

Baltazar
    $800 27
Qantas

Jennifer
    $800 5
peanuts

Jason
    $800 9
cardiology

Jason
    $800 22
lock & stock

Jennifer
    $1000 30
Antonio de Salazar

Triple Stumper
    $1000 18
Friday Night Lights

Triple Stumper
    $1000 28
Aer Lingus

Jason
    $1000 11
crab cakes

Baltazar
    $1,400 10
(Jason: What is a neurologist?)
(Alex: [Inhales] You made a mistake. You picked the right kind of doctor, but we're going for a 9-letter field--[*]. You were on the right track, but it cost you. Pick again.)

neurology

Jason
    $1000 23
mocha

Jason

Scores at the first commercial break (after clue 14):

Baltazar Jennifer Jason
$600 $2,400 $400

Scores at the end of the Jeopardy! Round:

Baltazar Jennifer Jason
$800 $5,200 $4,000

Double Jeopardy! Round responses

OSCAR WINNERS IN 2009
THE READER
MILK
THE DARK KNIGHT
THE CURIOUS CASE OF BENJAMIN BRITTEN
WALL TO WALL-E's
(Alex: In each correct response, the only vowel you will find will be the letter E.)
    $400 23
Slumdog Millionaire

Baltazar
    $400 18
(Baltazar: Who is Oliver Twist?)

Tiny Tim

BaltazarJason
    $400 13
glass bottles

Baltazar
    $400 1
Sir Lancelot

Jason
    $400 11
the BBC

Jason
    $400 6
beekeepers

Jennifer
    $800 24
Penélope Cruz

Jason
    $800 19
Russian

Jason
    $800 14
(Jennifer: What is low-fat?)

whole milk

JenniferJason
    $800 2
(Baltazar: What is Spamalot?)
(Jason: What is The Holy Grail? ...What is Search for the Holy Grail?)
(Alex: No.)

Monty Python and the Holy Grail

BaltazarJason
Triple Stumper
    $800 12
(Baltazar: What is the viola?)
(Jason: What is the violin?)

the cello

BaltazarJenniferJason
    $2,000 7
secede

Jennifer
    $1200 25
(Jason: Who is Katzenberry?)

Jerry Lewis

BaltazarJason
    $1200 20
(Jennifer: What is hard-boiled?)

soft-boiled

JenniferJason
    $1200 15
moose

Jason
    $1200 3
Richard the Lionhearted

Jason
    $1200 28
the May King

Triple Stumper
    $1200 8
Reverend

Jennifer
    $1600 26
The Duchess

Baltazar
    $1600 21
North Carolina

Jason
    $1600 16
lactose

Jennifer
    $1,200 4
(Jason: What is Edward Longshanks?)

the Black Prince

Jason
    $1600 29
(Baltazar: What is music?)
(Jennifer: What is classical music?)
[The end-of-round signal sounds.]

the orchestra

BaltazarJennifer
Triple Stumper
    $1600 9
whenever

Jason
    $2000 27
Philippe Petit

Triple Stumper
    $2000 22
Squirrel Nutkin

Triple Stumper
    $2000 17
homogenization

Jason
    $2000 5
Sir Thomas Malory

Triple Stumper
    $2000 10
Belvedere

Jason

Scores at the end of the Double Jeopardy! Round:

Baltazar Jennifer Jason
$800 $7,600 $14,400

[wagering suggestions for these scores]

Final Jeopardy! Round responses

INVENTIONS
BaltazarWhat is automation?
$800
JenniferWhat is barbed wire
$7,599
JasonWhat is barbed wire?
$801
barbed wire

Final scores:

Baltazar Jennifer Jason
$0 $15,199 $15,201
3rd place: $1,000 2nd place: $2,000 New champion: $15,201

Game dynamics:

Coryat scores:

Baltazar Jennifer Jason
$800 $6,400 $17,000
8 R,
8 W
17 R
(including 1 DD),
4 W
22 R,
6 W
(including 2 DDs)

Combined Coryat: $24,200

[game clues] [game scores] [suggest correction]

Game tape date: 2009-03-04
The J! Archive is created by fans, for fans. Scraping, republication, monetization, and malicious use prohibited; this site may use cookies and collect identifying information. See terms. The Jeopardy! game show and all elements thereof, including but not limited to copyright and trademark thereto, are the property of Jeopardy Productions, Inc. and are protected under law. This website is not affiliated with, sponsored by, or operated by Jeopardy Productions, Inc. Join the discussion at JBoard.tv.